[Event "SVK-chT5 SE-SI 1314"]
[Site "Slovakia"]
[Date "2013.10.26"]
[Round "2.3"]
[White "Lauko, Tomas"]
[Black "Cibula, Jozef"]
[Result "1-0"]
[WhiteElo "1421"]
[BlackElo "1335"]
[PlyCount "79"]
[EventDate "2013.10.19"]
[EventType "team-tourn"]
[EventRounds "11"]
[EventCountry "SVK"]
[SourceTitle "EXT 2022"]
[Source "ChessBase"]
[SourceDate "2021.10.06"]
[SourceVersion "1"]
[SourceVersionDate "2021.10.06"]
[SourceQuality "1"]
[WhiteTeam "Senica Slovakia"]
[BlackTeam "Sastin Straze"]
[WhiteTeamCountry "SVK"]
[BlackTeamCountry "SVK"]

1. e4 e6 2. c3 d5 3. e5 Nc6 4. d4 f6 5. Nf3 fxe5 6. Nxe5 Nxe5 7. dxe5 Bc5 8. Qh5+ g6 9. Qg4 Qe7 10. Bg5 Qf7 11. f3 Bd7 12. Nd2 h6 13. Qh4 Qg7 14. Bf6 Nxf6 15. exf6 Qf7 16. f4 0-0-0 17. g4 g5 18. fxg5 hxg5 19. Qxg5 Rdg8 20. Qf4 Bd6 21. Qf3 Rg6 22. 0-0-0 Rxf6 23. Qe3 b6 24. Ba6+ Kb8 25. h4 Qg6 26. Be2 Ba4 27. Bd3 Qxg4 28. Rdg1 Qf4 29. Qh3 Qe5 30. Rg4 Rf4 31. Rxf4 Qxf4 32. Qxe6 Re8 33. Qxd5 Qe3 34. Be4 Rxe4 35. Qxe4 Qc5 36. Qxa4 Qd5 37. Re1 b5 38. Qe4 Qxa2 39. Qe8+ Kb7 40. Qxb5+ 1-0

[Event "SVK-ch U12"]
[Site "Liptovsky Mikulas"]
[Date "2007.04.24"]
[Round "4"]
[White "Cibula, Jozef"]
[Black "Zatyko, Adrian"]
[Result "0-1"]
[WhiteElo "1350"]
[BlackElo "1380"]
[PlyCount "84"]
[EventDate "2007.04.22"]
[EventType "swiss"]
[EventRounds "9"]
[EventCountry "SVK"]
[SourceTitle "EXT 2008"]
[Source "ChessBase"]
[SourceDate "2007.11.25"]
[SourceVersion "1"]
[SourceVersionDate "2007.11.25"]
[SourceQuality "1"]

1. e4 e5 2. Nf3 Nc6 3. Bc4 Bc5 4. 0-0 d6 5. d3 Bg4 6. Bg5 Bxf3 7. Qxf3 f6 8. Bh4 Nd4 9. Qh5+ g6 10. Qg4 Nxc2 11. Nd2 Nxa1 12. Rxa1 g5 13. Qh5+ Kd7 14. Qf7+ Qe7 15. Be6+ Kd8 16. Bg3 Qxf7 17. Bxf7 h5 18. h4 Ke7 19. Bc4 Nh6 20. Nb3 g4 21. Nd2 f5 22. Rf1 Rhf8 23. Nb3 Bb6 24. Kh1 f4 25. Bh2 g3 26. fxg3 fxg3 27. Rxf8 Rxf8 28. Bxg3 Ng4 29. d4 exd4 30. a4 c6 31. Nd2 Ba5 32. Nb3 d5 33. exd5 cxd5 34. Bb5 a6 35. Bd3 Kd8 36. Nxa5 Rf7 37. Nb3 Re7 38. Nxd4 Re3 39. Ne6+ Ke7 40. Nc5 Rxg3 41. Bg6 Re3 42. Bxh5 Re1# 0-1